[Event "IEWCC"]
[Site "Istanbul TUR"]
[Date "2003.06.03"]
[Round "2"]
[White "Slavina,I"]
[Black "Flear,C"]
[Result "1-0"]
[WhiteElo "2381"]
[BlackElo "2213"]
[EventDate "2003.06.02"]

1. e4 c5 2. Nf3 e6 3. b3 a6 4. Bb2 d6 5. g3 Nf6 6. Qe2 Nc6 7. Bg2 e5 8. c3
g6 9. d4 Bg7 10. O-O O-O 11. Nbd2 Bg4 12. dxc5 dxc5 13. Nc4 Qc7 14. Ne3
Rad8 15. Nxg4 Nxg4 16. Rfd1 Rfe8 17. Ne1 Nf6 18. Nc2 Rxd1+ 19. Rxd1 Qa5 20.
a3 Bf8 21. Ne3 Qb6 22. b4 cxb4 23. axb4 Nb8 24. Nd5 Nxd5 25. Rxd5 Qc6 26.
Qd3 Qa4 27. Bh3 Qa2 28. Bc1 Qa1 29. Qc2 b6 30. Rd1 b5 31. Be3 Qa3 32. Bb6
Nc6 33. Bc7 Nb8 34. Kg2 Bg7 35. Rd6 f5 36. exf5 e4 37. f6 Bf8 38. Rb6 Nc6
39. Rxc6 e3 40. Be6+ 1-0

[Event "IEWCC"]
[Site "Istanbul TUR"]
[Date "2003.06.03"]
[Round "2"]
[White "Calotescu,C"]
[Black "Gerasimovitch,O"]
[Result "1-0"]
[WhiteElo "2334"]
[BlackElo "2200"]
[EventDate "2003.06.02"]

1. c4 e5 2. g3 Nc6 3. Bg2 g6 4. Nc3 Bg7 5. e4 Nge7 6. Nge2 d6 7. d3 Nd4 8.
Nxd4 exd4 9. Ne2 O-O 10. O-O c6 11. b3 d5 12. exd5 cxd5 13. Ba3 Re8 14. Nf4
dxc4 15. bxc4 Nc6 16. Rb1 Qa5 17. Rb3 Ne5 18. Qb1 Bg4 19. h3 Bf3 20. Bd6
Bxg2 21. Kxg2 Qa6 22. Bxe5 Bxe5 23. Nd5 b6 24. Rb2 Qb7 25. Qd1 h5 26. Qf3
Kg7 27. Re1 Qc6 28. Rbe2 f6 29. Nf4 Qxf3+ 30. Kxf3 Kf7 31. Nd5 Rac8 32. Kg2
g5 33. f4 gxf4 34. gxf4 Rg8+ 35. Kf3 Bd6 36. Re6 Bc5 37. Rxf6+ Kg7 38. Rg1+
Kh7 39. Rf7+ Kh6 40. Rf6+ Kh7 41. Rg5 Rxg5 42. fxg5 Kg7 43. h4 Re8 44. Nf4
Re3+ 45. Kf2 Kg8 46. Re6 Kf7 47. Rxe3 dxe3+ 48. Kf3 a6 49. Ke4 e2 50. Nxe2
Bf2 51. Kf5 Bxh4 52. Nf4 Bg3 53. g6+ Kg8 54. Nxh5 Be1 55. d4 1-0

[Event "IEWCC"]
[Site "Istanbul TUR"]
[Date "2003.06.03"]
[Round "2"]
[White "Kharashkina,B"]
[Black "Koskela,N"]
[Result "1/2-1/2"]
[WhiteElo "2182"]
[BlackElo "2312"]
[EventDate "2003.06.02"]

1. e4 e5 2. Nf3 Nc6 3. d4 exd4 4. Nxd4 Nf6 5. Nxc6 bxc6 6. e5 Qe7 7. Qe2
Nd5 8. c4 Ba6 9. b3 g5 10. Bb2 Bg7 11. g3 O-O-O 12. Bg2 Rde8 13. O-O Bxe5
14. Qxe5 Qxe5 15. Bxe5 Rxe5 16. Nd2 Ne7 17. Rae1 Rxe1 18. Rxe1 Ng6 19. Ne4
g4 20. Nf6 h5 21. h3 Bb7 22. f4 gxf3 23. Bxf3 d6 24. Bxh5 Ne5 25. Rf1 c5
26. h4 Kd8 27. Be2 Ke7 28. h5 Bf3 29. Bxf3 Kxf6 30. Kg2 Kg5 31. g4 f5 32.
gxf5 Kxf5 33. Kg3 Kg5 34. Be2 a5 35. a4 Re8 36. Rg1 Rf8 37. Kh3+ Kh6 38.
Rg3 Rf2 39. Bg4 Rf4 40. Be2 Re4 41. Bd1 Re1 42. Bg4 Rf1 43. Be2 Rf2 44. Re3
Rf8 45. Rg3 Rf2 46. Re3 Rf4 47. Kg3 Rf6 48. Kh4 Nc6 49. Bg4 Ne5 50. Be2 Rf8
51. Re4 Rb8 52. Bd1 Rg8 53. Be2 Rg2 54. Kh3 Rg1 55. Re3 Re1 56. Kg2 Rc1
1/2-1/2

[Event "IEWCC"]
[Site "Istanbul TUR"]
[Date "2003.06.03"]
[Round "2"]
[White "Djingarova,E"]
[Black "Cedikova,K"]
[Result "0-1"]
[WhiteElo "2310"]
[BlackElo "2181"]
[EventDate "2003.06.02"]

1. e4 c5 2. Nf3 d6 3. Bb5+ Nd7 4. O-O Ngf6 5. d4 cxd4 6. Qxd4 e5 7. Qd3 Be7
8. Bg5 O-O 9. Bxd7 Nxd7 10. Bxe7 Qxe7 11. Nc3 Nc5 12. Nd5 Qd8 13. Qe3 f5
14. exf5 Bxf5 15. b4 Ne6 16. c3 b6 17. Rfd1 Rc8 18. h3 Rc4 19. Nd2 Rh4 20.
a4 Ng5 21. Nf1 Bxh3 22. Ng3 Bg4 23. Rd3 Ne6 24. a5 Rh6 25. axb6 axb6 26. f3
Qh4 27. Qe1 Qh2+ 28. Kf2 Rh3 29. Nf5 Bxf5 30. Ne7+ Kh8 31. Nxf5 Rxf5 32.
Ra8+ Nf8 33. Qe4 Rg3 34. Rd1 Qxg2+ 35. Ke1 Rgxf3 0-1

[Event "IEWCC"]
[Site "Istanbul TUR"]
[Date "2003.06.03"]
[Round "2"]
[White "Hagesaether,E"]
[Black "Mamedjarova,Z"]
[Result "1-0"]
[WhiteElo "2166"]
[BlackElo "2298"]
[EventDate "2003.06.02"]

1. Nf3 e6 2. g3 b5 3. Bg2 Bb7 4. d3 f5 5. O-O Nf6 6. Nbd2 Be7 7. c4 b4 8.
a3 bxa3 9. bxa3 O-O 10. Rb1 Qc8 11. Qb3 Bc6 12. Qc3 Na6 13. Nb3 Rb8 14. Bb2
Nc5 15. Nxc5 Bxc5 16. d4 Bd6 17. d5 exd5 18. Nh4 d4 19. Qxd4 Bxg2 20. Nxg2
Qb7 21. c5 Be7 22. Qd3 Qe4 23. Bxf6 Qxd3 24. exd3 Bxf6 25. Ne3 Bd4 26. c6
dxc6 27. Rxb8 Rxb8 28. Nxf5 Bc5 29. Rc1 Rb5 30. Ne3 Kf7 31. a4 Bxe3 32.
fxe3 Rb6 33. a5 Rb5 34. Rxc6 Rxa5 35. Rxc7+ Kf6 36. Kf2 Ra1 37. Kf3 a5 38.
Ke4 a4 39. Ra7 h5 40. Ra6+ Kg5 41. Kf3 a3 42. h4+ Kf5 43. e4+ Ke5 44. Ke3
Re1+ 45. Kd2 Ra1 46. Ra5+ Ke6 47. Kc3 a2 48. Kd4 Rg1 49. Ra6+ Kf7 50. Rxa2
Rxg3 51. Rf2+ Kg6 52. e5 Rh3 53. Rf4 Rh1 54. e6 Re1 55. Kd5 Ra1 56. e7 Ra5+
57. Ke4 Ra4+ 58. d4 Ra8 59. Rf8 1-0

[Event "IEWCC"]
[Site "Istanbul TUR"]
[Date "2003.06.03"]
[Round "2"]
[White "Llaneza Vega,P"]
[Black "Lauterbach,I"]
[Result "0-1"]
[WhiteElo "2294"]
[BlackElo "2144"]
[EventDate "2003.06.02"]

1. e4 c5 2. Nf3 e6 3. d4 cxd4 4. Nxd4 Nf6 5. Nc3 Qc7 6. Bd3 a6 7. O-O d6 8.
Kh1 g6 9. f4 Bg7 10. Qe1 Nbd7 11. Qh4 Qc5 12. Be3 Qh5 13. Qg3 Nc5 14. Be2
Ncxe4 15. Qe1 Qh6 16. f5 g5 17. Nxe4 Nxe4 18. fxe6 Bxe6 19. Bf3 Be5 0-1

[Event "IEWCC"]
[Site "Istanbul TUR"]
[Date "2003.06.03"]
[Round "2"]
[White "Fakhiridou,E"]
[Black "Kopinits,A"]
[Result "1-0"]
[WhiteElo "2276"]
[BlackElo "2127"]
[EventDate "2003.06.02"]

1. e4 c5 2. b3 Nc6 3. Bb2 e5 4. g3 Nge7 5. Bg2 d6 6. Ne2 g6 7. O-O Bg7 8.
f4 O-O 9. fxe5 dxe5 10. d3 Be6 11. Nd2 b5 12. Kh1 Qb6 13. Nf3 h6 14. Nc3
Rfd8 15. Qc1 Rac8 16. Qe3 Nd4 17. Qf2 c4 18. dxc4 bxc4 19. Nxd4 exd4 20.
Na4 Qd6 21. Rad1 Qe5 22. Ba3 Nc6 23. Nc5 d3 24. Nxe6 Qxe6 25. bxc4 Bd4 26.
Qd2 dxc2 27. Qxc2 Ne5 28. c5 Nc4 29. Bc1 Rxc5 30. Bxh6 Rh5 31. Bc1 Qe5 32.
Bf4 Qc5 33. Qe2 Ne3 34. Bxe3 1-0

[Event "IEWCC"]
[Site "Istanbul TUR"]
[Date "2003.06.03"]
[Round "2"]
[White "Smokina,K"]
[Black "Seps,M"]
[Result "1/2-1/2"]
[WhiteElo "2269"]
[BlackElo "2095"]
[EventDate "2003.06.02"]

1. c4 c5 2. Nf3 Nc6 3. d4 cxd4 4. Nxd4 Nf6 5. Nc3 Nxd4 6. Qxd4 g6 7. e4 d6
8. Be2 Bg7 9. O-O O-O 10. Qd3 Be6 11. Be3 Qa5 12. Nd5 Nxd5 13. cxd5 Bd7 14.
b4 Qa4 15. Bd4 Bxd4 16. Qxd4 Rac8 17. a3 Rc7 18. e5 dxe5 19. Qxe5 Qc2 20.
Bf3 Rfc8 21. Rfe1 Bf5 22. Re3 f6 23. Qd4 Rc4 24. Qd1 Qb2 25. Re1 Rd4 26.
Be2 Qxe2 27. Rxe2 Kf8 28. h3 Rc7 29. Kh2 h5 30. g3 Ke8 31. Re1 Rc8 1/2-1/2

[Event "IEWCC"]
[Site "Istanbul TUR"]
[Date "2003.06.03"]
[Round "2"]
[White "Mira,H"]
[Black "Sikorova,O"]
[Result "0-1"]
[WhiteElo "2126"]
[BlackElo "2261"]
[EventDate "2003.06.02"]

1. Nf3 c5 2. c4 Nc6 3. d4 cxd4 4. Nxd4 g6 5. e4 Bg7 6. Be3 Nf6 7. Nc3 O-O
8. Be2 d6 9. O-O Nxd4 10. Bxd4 Be6 11. Qd2 Qa5 12. Rfd1 Rfc8 13. b3 Kf8 14.
a3 a6 15. b4 Qc7 16. Na4 Nd7 17. Rac1 Qc6 18. Bxg7+ Kxg7 19. Qd4+ f6 20.
Nc3 Qb6 21. Qxb6 Nxb6 22. Nd5 Bxd5 23. exd5 Rc7 24. c5 Rac8 25. c6 bxc6 26.
dxc6 Rxc6 27. Rxc6 Rxc6 28. Bxa6 d5 29. Kf1 Rc3 30. a4 Nxa4 31. Rxd5 Rc1+
32. Ke2 Nc3+ 33. Kd2 Nxd5 34. Kxc1 Nxb4 35. Bb7 Nd3+ 36. Kd2 Nxf2 37. h3 f5
38. Ke3 Ne4 39. Bc6 Kf6 40. g4 Nd6 41. Kf3 Nc4 42. Kg3 e6 43. Bb5 Ne5 44.
Be2 g5 45. Bb5 h6 46. gxf5 exf5 47. Ba6 h5 48. Bc8 f4+ 49. Kh2 h4 50. Bg4
0-1

[Event "IEWCC"]
[Site "Istanbul TUR"]
[Date "2003.06.03"]
[Round "2"]
[White "Jiretorn,E"]
[Black "Muzychuk,A"]
[Result "0-1"]
[WhiteElo "2106"]
[BlackElo "2256"]
[EventDate "2003.06.02"]

1. d4 f5 2. e4 fxe4 3. Nc3 Nf6 4. Bg5 Nc6 5. d5 Ne5 6. Qd4 Nf7 7. Bxf6 exf6
8. Qxe4+ Qe7 9. Nf3 Qxe4+ 10. Nxe4 f5 11. Nc3 Bc5 12. Bc4 a6 13. a4 d6 14.
O-O Bd7 15. Rfe1+ Kf8 16. Re2 g5 17. Bd3 Rd8 18. Rae1 Kg7 19. Re7 Kf6 20.
R7e6+ Bxe6 21. dxe6 Ne5 22. e7 Kxe7 23. Nxe5 dxe5 24. Rxe5+ Kd6 25. Rxf5
Bd4 26. Ne4+ Ke7 27. Nxg5 Rdf8 28. Nxh7 Rxf5 29. Bxf5 Bxb2 30. g4 Kf7 31.
Ng5+ Kf6 32. Ne4+ Ke5 33. Nc5 Bd4 34. Nxb7 Bb6 35. Bd3 Kf4 36. a5 Bd4 37.
Bxa6 Kf3 38. Bb5 Bxf2+ 39. Kh1 Bg3 40. Kg1 Bf2+ 41. Kh1 Bg3 42. Kg1 Bxh2+
43. Kf1 Be5 44. Bc6+ Kxg4 45. Ke2 Bd4 46. Kd3 Ba7 47. a6 Kf4 48. Na5 Ke5
49. Bb7 Kd6 50. Kc3 Kc5 51. Kb3 Bb6 52. Nc6 Rh6 53. Ne5 Ba7 54. Nd3+ Kb5
55. Ne5 Rh3+ 56. Nd3 Rg3 57. Bc8 Bd4 58. Ka2 Rg1 59. Kb3 Rg3 60. Ka2 Ba7
61. Kb3 Bb6 62. Ka2 c5 63. Nb2 Rf3 64. Bb7 Rh3 65. Bc8 Rg3 66. Bb7 c4 67.
Bc8 Rg2 68. c3 Re2 69. Bd7+ Kxa6 70. Bc6 Rd2 71. Be8 Rf2 72. Bd7 Ba5 73.
Ka3 Bxc3 74. Nxc4 Kb7 75. Kb3 Bd4 76. Bg4 Kc6 77. Kb4 Bc5+ 78. Kb3 Kd5 79.
Kc3 Rf6 80. Be2 Rf2 81. Bh5 Bd4+ 82. Kd3 Rf5 83. Bg4 Rf4 84. Bh5 Kc5 85.
Nd2 Kd5 86. Nc4 Rh4 87. Bf7+ Kc5 88. Be6 Rh6 89. Bg4 Rg6 90. Bf3 Bg1 91.
Nd2 Rd6+ 92. Kc2 Kb4 93. Be4 Be3 94. Nf1 Bf4 95. Bf3 Kc4 96. Be2+ Kd4 97.
Bb5 Rb6 98. Bd7 Ra6 99. Kd1 Ke4 100. Bb5 Rb6 101. Ba4 Rb2 102. Bc2+ Kd4
103. Nd2 Bxd2 104. Kxd2 Ra2 105. Kd1 Ke3 106. Bf5 Rd2+ 107. Kc1 Rd5 108.
Bh7 Ke2 109. Bg8 Rc5+ 110. Kb2 Kd3 111. Bh7+ Kd4 112. Kb3 Rc3+ 113. Kb2 Kc4
114. Bg8+ Kb4 115. Be6 Re3 116. Bg4 Rg3 117. Bf5 Rf3 118. Bg6 Kc4 119. Bh7
Rf2+ 120. Kb1 Kc3 121. Be4 Rb2+ 122. Ka1 Kb3 123. Bd5+ Ka3 124. Be4 Re2
125. Bd3 Rd2 126. Be4 Kb3 127. Bg6 Rd1+ 128. Bb1 Kc3 129. Ka2 Rd6 130. Bf5
Ra6+ 131. Kb1 Kb3 132. Kc1 Rc6+ 133. Kd1 Kc3 134. Ke2 Rf6 135. Bh7 Re6+
136. Kf3 Kd4 137. Bg8 Re7 138. Bb3 Re3+ 0-1

[Event "IEWCC"]
[Site "Istanbul TUR"]
[Date "2003.06.03"]
[Round "2"]
[White "Calzetta,M"]
[Black "Nagel,Y"]
[Result "1/2-1/2"]
[WhiteElo "2253"]
[BlackElo "2068"]
[EventDate "2003.06.02"]

1. e4 c5 2. Nf3 e6 3. d4 cxd4 4. Nxd4 Nf6 5. Nc3 Nc6 6. Ndb5 d6 7. Bf4 e5
8. Bg5 a6 9. Na3 b5 10. Nd5 Be7 11. Bxf6 Bxf6 12. c3 O-O 13. Nc2 Bg5 14. a4
bxa4 15. Rxa4 a5 16. Bb5 Bb7 17. O-O Ne7 18. Bc4 Nc8 19. Qg4 Bc6 20. Ra2
Bd7 21. Qe2 Nb6 22. Nxb6 Qxb6 23. Rfa1 Bc6 24. b4 axb4 25. Rxa8 Rxa8 26.
Rxa8+ Bxa8 27. Nxb4 Qa5 28. h4 Qa1+ 29. Kh2 Bf4+ 30. g3 Qxc3 31. Qa2 Bxe4
32. Bxf7+ Kf8 33. Bg8 Bxg3+ 34. fxg3 Qf3 35. Kg1 Qxg3+ 36. Kf1 Qf3+ 37. Ke1
Qc3+ 38. Kf1 Qf3+ 39. Ke1 Qc3+ 40. Kf1 Qf3+ 1/2-1/2

[Event "IEWCC"]
[Site "Istanbul TUR"]
[Date "2003.06.03"]
[Round "2"]
[White "Topel,Z"]
[Black "Shukurova,M"]
[Result "0-1"]
[WhiteElo "2092"]
[BlackElo "2250"]
[EventDate "2003.06.02"]

1. d4 Nf6 2. Nf3 g6 3. c4 c5 4. d5 b5 5. cxb5 a6 6. b6 Qxb6 7. Nc3 Bg7 8.
g3 O-O 9. Bg2 d6 10. O-O a5 11. e4 Nbd7 12. Qc2 Ba6 13. Re1 Ng4 14. Bg5
Rfe8 15. Be3 Nge5 16. Nxe5 Nxe5 17. Rad1 Nc4 18. b3 Nxe3 19. Rxe3 Bd4 20.
Ree1 Reb8 21. Ne2 Bg7 22. Nf4 Qb4 23. Nd3 Bxd3 24. Qxd3 a4 25. Rb1 axb3 26.
axb3 Ra3 27. Bf1 Bd4 28. Kg2 Rxb3 29. Qxb3 Qxb3 30. Rxb3 Rxb3 31. f4 Rc3
32. e5 Rc2+ 33. Kh3 Kg7 34. exd6 exd6 35. Bd3 Rd2 36. Bc4 Kf6 37. Re2 Rd1
38. Rc2 h6 39. Kg2 Rg1+ 40. Kf3 h5 41. Bd3 Re1 42. Be2 Rh1 43. Bd3 Rd1 44.
Bc4 Ra1 45. Bd3 Ra3 46. Ke2 Bg1 47. h3 Bh2 48. g4 hxg4 49. hxg4 Bxf4 50.
Rb2 Be5 51. Rb7 Ra4 52. g5+ Kg7 53. Bb5 Rb4 54. Kf3 Bf4 55. Bc6 Rxb7 56.
Bxb7 Bxg5 57. Ba6 f5 0-1

[Event "IEWCC"]
[Site "Istanbul TUR"]
[Date "2003.06.03"]
[Round "2"]
[White "Cavusoglu,Y"]
[Black "Genova,R"]
[Result "0-1"]
[WhiteElo "2045"]
[BlackElo "2239"]
[EventDate "2003.06.02"]

1. d4 Nf6 2. Nf3 g6 3. Bf4 Bg7 4. e3 d6 5. h3 O-O 6. Be2 Nbd7 7. O-O b6 8.
c3 Bb7 9. Nbd2 c5 10. a4 a6 11. Qb3 Ra7 12. Bh2 Qa8 13. Rfd1 Bc6 14. c4
cxd4 15. exd4 d5 16. Ne1 dxc4 17. Bxc4 e6 18. Ndf3 Bd5 19. Ne5 Bxc4 20.
Nxc4 Nd5 21. Nf3 Rc8 22. Nd6 Rc6 23. Ng5 N7f6 24. Rac1 Bh6 25. h4 Bf8 26.
Ngxf7 Rxf7 27. Nxf7 Kxf7 28. Qf3 Bh6 29. Rxc6 Qxc6 30. g4 g5 31. Be5 Qc8
32. h5 Bg7 33. Qd3 Kg8 34. f3 Nf4 35. Bxf4 gxf4 36. Qd2 Nd5 37. Rc1 Qd7 38.
b3 Ne3 39. d5 Nxd5 40. Qd3 a5 41. g5 Bf8 42. g6 hxg6 43. hxg6 Bc5+ 44. Kh1
Qe7 45. Qe2 Qh4+ 46. Qh2 Qxh2+ 47. Kxh2 Kg7 48. Re1 Be3 49. Re2 Kxg6 50.
Rc2 Nb4 51. Rg2+ Kf5 52. Rg8 Nd3 53. Rf8+ Ke5 54. Kh3 Nc1 0-1

[Event "IEWCC"]
[Site "Istanbul TUR"]
[Date "2003.06.03"]
[Round "2"]
[White "Richards,H"]
[Black "Keskin,S"]
[Result "1-0"]
[WhiteElo "2237"]
[BlackElo "2023"]
[EventDate "2003.06.02"]

1. e4 c5 2. c3 d5 3. exd5 Qxd5 4. d4 cxd4 5. cxd4 Nc6 6. Nf3 Nf6 7. Nc3 Qa5
8. d5 Nb4 9. a3 Na6 10. Bc4 g6 11. O-O Qc7 12. Qe2 Bg4 13. Nb5 Qd8 14. d6
e6 15. Bf4 Bg7 16. Nc7+ Nxc7 17. dxc7 Qc8 18. Bb5+ Kf8 19. Rad1 Nd5 20.
Bd6+ Kg8 21. Rfe1 h6 22. h3 Bxf3 23. Qxf3 a6 24. Ba4 Bxb2 25. Rxd5 exd5 26.
Qxd5 b5 27. Bb3 Qf5 28. Qxa8+ 1-0

[Event "IEWCC"]
[Site "Istanbul TUR"]
[Date "2003.06.04"]
[Round "3"]
[White "Galliamova,A"]
[Black "Arakhamia,K"]
[Result "1-0"]
[WhiteElo "2489"]
[BlackElo "2413"]
[EventDate "2003.06.02"]

1. e4 c5 2. Nf3 e6 3. d4 cxd4 4. Nxd4 Nf6 5. Nc3 d6 6. g4 h6 7. h4 Nc6 8.
Rg1 h5 9. gxh5 Nxh5 10. Bg5 Nf6 11. Be2 a6 12. Qd2 Be7 13. O-O-O Bd7 14. f4
Qc7 15. Nf3 O-O-O 16. Qe3 Nh5 17. Bxe7 Nxe7 18. Ng5 Rdf8 19. Kb1 Nf6 20.
Rh1 Bc6 21. Bf3 d5 22. e5 Nd7 23. h5 Kb8 24. Ne2 Nf5 25. Qa3 Nb6 26. Nd4
Nc4 27. Qc3 Nxd4 28. Rxd4 Rc8 29. Be2 Bb5 30. Bxc4 Bxc4 31. Qd2 Rh6 32. a4
a5 33. Rh3 b6 34. Qd1 Qe7 35. Nf3 Qc5 36. Ng5 Be2 37. Qd2 Rxh5 38. Rc3 Bc4
39. b3 Qa3 40. Qc1 Qc5 41. Rd1 Qb4 42. Kb2 Rc7 43. Qe3 Rh2 44. Rd4 Rh1 45.
Ne4 b5 46. axb5 Qxb5 47. Nd6 Qa6 48. Nxc4 dxc4 49. Rd8+ Kb7 50. Rd4 Rh8 51.
Rdxc4 Rhc8 52. Qf3+ Kb8 53. Rxc7 Rxc7 54. Rxc7 Kxc7 55. Qh5 g6 56. Qh7 Qb6
57. Qxf7+ Kd8 58. Qxg6 a4 59. Qd3+ Ke8 60. Qd6 1-0

[Event "IEWCC"]
[Site "Istanbul TUR"]
[Date "2003.06.04"]
[Round "3"]
[White "Khurtsidze,N"]
[Black "Gvetadze,S"]
[Result "1-0"]
[WhiteElo "2427"]
[BlackElo "2320"]
[EventDate "2003.06.02"]

1. d4 Nf6 2. c4 e6 3. Nc3 Bb4 4. e3 O-O 5. Bd3 d5 6. a3 dxc4 7. Bxc4 Bd6 8.
Nf3 Nc6 9. O-O h6 10. b4 a6 11. h3 Qe7 12. e4 Rd8 13. Re1 e5 14. Nd5 Qf8
15. Nxf6+ gxf6 16. d5 Ne7 17. Nh4 b5 18. Qh5 Kh7 19. Bd3 a5 20. Rb1 axb4
21. axb4 Ra4 22. Re3 Rxb4 23. Rxb4 Bxb4 24. Rg3 Bc5 25. Bxb5 Ng8 26. Be2
Ne7 27. Bb5 Ng8 28. Nf5 Bxf5 29. Qxf5+ Kh8 30. Be2 Ra8 31. Kh2 Ra2 32. Qh5
Rc2 33. Be3 Bxe3 34. Rxe3 Ne7 35. Qh4 Qg7 36. Rg3 Ng6 37. Qg4 Qf8 38. h4
Nf4 39. Bf3 Rxf2 40. Qf5 Qd8 41. Bh5 Nxh5 42. Qxh5 Qf8 43. Rg4 Rf1 44. Rg3
Rf4 45. Rg4 Rf1 46. Rg3 Rf4 47. Rc3 Qg7 48. g3 Rf2+ 49. Kh3 f5 50. exf5 e4
51. Rc6 e3 52. Rxc7 e2 53. Re7 Rf1 54. Rxe2 Qf6 55. Qg4 Kh7 56. Qe4 h5 57.
Rd2 Qa1 58. f6+ Kh6 59. Qe3+ Kh7 60. Kg2 Rxf6 61. Qe2 Kg7 62. d6 Re6 63.
Qxh5 Re1 64. Qg5+ Kh7 65. Qf5+ Kg7 66. Qg4+ Kh7 67. Qh5+ Kg7 68. Qc5 Qf6
69. Qg5+ Qxg5 70. hxg5 Re8 71. Kf3 Kg6 72. Kf4 f6 73. gxf6 Kxf6 74. g4 Ra8
75. d7 Rd8 76. Rd6+ Ke7 77. Ke5 Kf7 78. g5 Ke7 79. g6 Kf8 80. Kf6 1-0

[Event "IEWCC"]
[Site "Istanbul TUR"]
[Date "2003.06.04"]
[Round "3"]
[White "Socko,M"]
[Black "Gaponenko,I"]
[Result "1/2-1/2"]
[WhiteElo "2381"]
[BlackElo "2417"]
[EventDate "2003.06.02"]

1. d4 Nf6 2. c4 e6 3. Nc3 d5 4. Bg5 Be7 5. e3 O-O 6. Qc2 Nbd7 7. cxd5 exd5
8. Bd3 b6 9. Nge2 Bb7 10. f3 c5 11. h4 a6 12. g4 c4 13. Bf5 g6 14. Bxd7
Nxd7 15. Bxe7 Qxe7 16. Kf2 Rfe8 17. Qd2 b5 18. Nf4 Qd6 19. a3 Bc6 20. h5 a5
21. Nce2 b4 22. hxg6 fxg6 23. Rh6 Nf8 24. Ng3 Rab8 25. Qc1 bxa3 26. Rxa3
Qb4 27. Nge2 Qxb2 28. Qxb2 Rxb2 29. Rxa5 Ne6 30. Nxe6 Rxe6 31. Ra7 c3 32.
Rhxh7 Bb5 33. Rhg7+ Kh8 34. Rh7+ Kg8 35. Rhg7+ Kh8 36. Rh7+ 1/2-1/2

[Event "IEWCC"]
[Site "Istanbul TUR"]
[Date "2003.06.04"]
[Round "3"]
[White "Stepovaia Dianchenko,T"]
[Black "Matveeva,S"]
[Result "1/2-1/2"]
[WhiteElo "2394"]
[BlackElo "2474"]
[EventDate "2003.06.02"]

1. e4 e6 2. d4 d5 3. Nc3 Bb4 4. e5 c5 5. a3 Bxc3+ 6. bxc3 Qa5 7. Bd2 Qa4 8.
Qb1 c4 9. g3 Nc6 10. f4 Nge7 11. Bh3 Bd7 12. Nf3 O-O-O 13. O-O f5 14. exf6
gxf6 15. f5 Nxf5 16. Bxf5 exf5 17. Nh4 Ne7 18. Bh6 Rhg8 19. Qb2 Rde8 20.
Rab1 b6 21. Rbe1 Ng6 22. Ng2 f4 23. Bxf4 Bh3 24. Be3 Qd7 25. Rf2 Re6 26.
Qc1 Rge8 27. Bd2 Rxe1+ 28. Nxe1 Qe6 29. Ng2 Qe4 30. Qd1 Bg4 31. Qe1 f5 32.
Qxe4 fxe4 33. Bg5 Be6 34. Ne3 Rf8 35. Rxf8+ Nxf8 36. Kf2 h5 37. h3 Kd7 38.
g4 hxg4 39. hxg4 Ng6 40. Kg3 Bf7 1/2-1/2

[Event "IEWCC"]
[Site "Istanbul TUR"]
[Date "2003.06.04"]
[Round "3"]
[White "Kovalevskaya,E"]
[Black "Dzagnidze,N"]
[Result "1/2-1/2"]
[WhiteElo "2447"]
[BlackElo "2376"]
[EventDate "2003.06.02"]

1. e4 c5 2. Nf3 d6 3. Bb5+ Nd7 4. O-O Ngf6 5. d4 cxd4 6. Qxd4 a6 7. Bxd7+
Bxd7 8. Bg5 e6 9. Nc3 Bc6 10. Rad1 Be7 11. Qe3 Qc7 12. Nd4 O-O 13. Nxc6
bxc6 14. Qg3 Rad8 15. Rd3 Rd7 16. Qh4 Rb8 17. b3 Ne8 18. Bxe7 Rxe7 19. Rh3
h6 20. Ne2 Rd7 21. Nf4 Nf6 22. Nd3 Qa5 23. Qf4 Qxa2 24. e5 Ne8 25. Qc4 Qa5
26. Qxc6 Rc7 27. Qe4 Rxc2 28. Qf4 dxe5 29. Nxe5 Qc7 30. Qe3 Nd6 31. Qf3 Rc5
32. Ng4 a5 33. Qd1 Nf5 34. Rd3 Qb6 35. Ne3 Nxe3 36. Rxe3 Rb5 37. Qa1 Qa7
38. Qa3 Qc5 39. Qxc5 Rxc5 40. g3 Rb4 41. Rd1 Kf8 42. Rd7 g6 43. Ra7 Rcb5
44. Kg2 Rxb3 45. Rxb3 Rxb3 46. Rxa5 g5 47. Ra4 Kg7 48. h4 Kg6 49. hxg5 hxg5
50. Ra5 g4 51. Ra8 Kf5 52. Ra5+ e5 53. Ra7 f6 54. Rg7 Rb8 55. Ra7 Kg6 56.
Re7 Rb5 57. Re8 f5 58. Rf8 Rb2 59. Kf1 Rb1+ 60. Ke2 Rb7 61. Ke3 Rb2 62.
Rg8+ Kf7 63. Rg5 Ke6 64. Rh5 Rb3+ 65. Ke2 1/2-1/2

[Event "IEWCC"]
[Site "Istanbul TUR"]
[Date "2003.06.04"]
[Round "3"]
[White "Kononenko,T"]
[Black "Sedina,E"]
[Result "1/2-1/2"]
[WhiteElo "2370"]
[BlackElo "2434"]
[EventDate "2003.06.02"]

1. d4 Nf6 2. c4 c6 3. Nf3 d5 4. e3 a6 5. Bd3 Bg4 6. Qb3 Bxf3 7. gxf3 Qc7 8.
cxd5 cxd5 9. Nc3 e6 10. Bd2 Nc6 11. Rc1 Bd6 12. Na4 O-O 13. Qb6 Qe7 14. Nc5
Nd7 15. Nxd7 Qxd7 16. f4 Rac8 17. Ke2 f6 18. Rhg1 e5 19. Qb3 Qf7 20. dxe5
fxe5 21. Rg5 exf4 22. Qxd5 Qxd5 23. Rxd5 Bb4 1/2-1/2

[Event "IEWCC"]
[Site "Istanbul TUR"]
[Date "2003.06.04"]
[Round "3"]
[White "Javakhishvili,L"]
[Black "Radziewicz,I"]
[Result "1/2-1/2"]
[WhiteElo "2336"]
[BlackElo "2428"]
[EventDate "2003.06.02"]

1. c4 Nf6 2. d4 c5 3. d5 d6 4. Nc3 g6 5. Nf3 Bg7 6. e4 O-O 7. Be2 e6 8. Nd2
Na6 9. O-O Nc7 10. Re1 Rb8 11. dxe6 Nxe6 12. Nb3 a6 13. Bf1 b6 14. f3 h5
15. Be3 h4 16. Qd2 Nh5 17. Bh6 Be5 18. Bxf8 Qxf8 19. Ne2 Qg7 20. Nbc1 Nef4
21. Nd3 Nxd3 22. Qxd3 Qf6 23. Rad1 b5 24. b3 Be6 25. cxb5 axb5 26. Qe3 b4
27. Rd2 Bd7 28. Red1 g5 29. Rd5 Be6 30. Rxd6 Rc8 1/2-1/2

[Event "IEWCC"]
[Site "Istanbul TUR"]
[Date "2003.06.04"]
[Round "3"]
[White "Pokorna,Reg"]
[Black "Petrenko,S"]
[Result "1/2-1/2"]
[WhiteElo "2418"]
[BlackElo "2348"]
[EventDate "2003.06.02"]

1. e4 c5 2. Nf3 Nc6 3. d4 cxd4 4. Nxd4 e5 5. Nb5 d6 6. c4 Be6 7. Be2 a6 8.
N5c3 Nd4 9. Be3 Nxe2 10. Qxe2 Nf6 11. h3 Rc8 12. Nd2 Be7 13. O-O O-O 14.
Rac1 Nd7 15. Rfd1 Bg5 16. b3 Rc6 17. Nf1 f5 18. exf5 Bxf5 19. Ng3 Bg6 20.
Bxg5 Qxg5 21. Nge4 Qe7 22. Qd2 Nc5 23. Nxd6 Nd3 24. Nce4 Nxc1 25. Rxc1 Bxe4
26. Nxe4 Rd8 27. Qe3 b6 28. Re1 Rg6 29. Ng3 Re8 30. Qe4 Qc5 31. Re3 a5 32.
a4 Rf6 33. Qg4 Rf4 34. Qd7 Re7 35. Qd8+ Rf8 36. Qd3 Qc6 37. Ne4 Rd7 38. Qe2
Re7 39. Nc3 Qc5 40. Nd5 Re6 41. Qg4 Qc8 42. Rg3 g6 43. Rf3 h5 44. Rxf8+
Kxf8 45. Qe4 Qc6 46. h4 Kg7 47. g3 Qd7 48. Qe3 Qd6 49. Qe4 Qc5 50. Kg2 Qd4
51. Qf3 e4 52. Qf4 Qc5 53. Qd2 Kh7 54. Qc3 Qf8 55. Qe3 Qd6 56. Qg5 Qf8 57.
Nf4 Rc6 58. Qd5 Qe8 59. Qd4 Qe7 60. Nd5 Qe6 61. Qe3 Rd6 62. Qf4 Kg7 63. Qg5
Kh7 1/2-1/2

[Event "IEWCC"]
[Site "Istanbul TUR"]
[Date "2003.06.04"]
[Round "3"]
[White "Mkrtchian,L"]
[Black "Dergatschova Daus,A"]
[Result "1/2-1/2"]
[WhiteElo "2416"]
[BlackElo "2250"]
[EventDate "2003.06.02"]

1. e4 e5 2. Nf3 Nc6 3. d4 exd4 4. Nxd4 Nf6 5. Nxc6 bxc6 6. e5 Qe7 7. Qe2
Nd5 8. c4 Nb6 9. Nc3 Qe6 10. Qe4 g6 11. Bd3 Ba6 12. b3 Bg7 13. f4 O-O 14.
O-O d5 15. cxd5 cxd5 16. Qe2 Bxd3 17. Qxd3 c5 18. Ba3 Rac8 19. Nb5 f6 20.
Nxa7 Ra8 21. Nb5 fxe5 22. fxe5 Rxf1+ 23. Rxf1 Qc6 24. e6 Re8 25. Na7 Qc7
26. Nb5 Qc6 1/2-1/2

[Event "IEWCC"]
[Site "Istanbul TUR"]
[Date "2003.06.04"]
[Round "3"]
[White "Foisor,C"]
[Black "Velcheva,M"]
[Result "1/2-1/2"]
[WhiteElo "2395"]
[BlackElo "2249"]
[EventDate "2003.06.02"]

1. c4 e6 2. Nf3 Nf6 3. g3 d5 4. Bg2 dxc4 5. Qa4+ c6 6. Qxc4 b5 7. Qc2 Bb7
8. O-O Nbd7 9. b3 Be7 10. Bb2 Rc8 11. Nc3 a6 12. Rac1 c5 13. Qb1 O-O 14. d3
Qb6 15. Ba1 Rfd8 16. Nd1 Bf8 17. Ne3 Nd5 18. Nxd5 Bxd5 19. Rfd1 Qb7 20. Rc2
f6 21. Qc1 Rc7 22. Bc3 Rdc8 23. Ba5 Nb6 24. e4 Bc6 25. Qe3 b4 26. Bh3 Re8
27. Rdc1 Rcc8 28. Bxb6 Qxb6 29. d4 cxd4 30. Qxd4 Qb7 31. Nd2 Bd7 32. Bg2 e5
33. Qb2 Rxc2 34. Rxc2 Rc8 35. Qc1 Rxc2 36. Qxc2 Qc8 37. Qxc8 Bxc8 38. Bf1
Kf7 39. Bc4+ Ke7 40. Kf1 Kd6 41. Ke2 Kc5 42. Ke3 Kb6 43. Bg8 h6 44. Nc4+
Kc5 45. h4 Bh3 46. f3 Bd7 47. h5 Be8 48. g4 g6 49. hxg6 Bxg6 50. Nd2 h5 51.
gxh5 Bxh5 1/2-1/2

[Event "IEWCC"]
[Site "Istanbul TUR"]
[Date "2003.06.04"]
[Round "3"]
[White "Janjgava,N"]
[Black "Prudnikova,S"]
[Result "1/2-1/2"]
[WhiteElo "2286"]
[BlackElo "2426"]
[EventDate "2003.06.02"]

1. d4 Nf6 2. c4 e6 3. Nf3 c5 4. d5 exd5 5. cxd5 g6 6. Nc3 d6 7. Nd2 a6 8.
a4 Nbd7 9. e4 Bg7 10. Be2 O-O 11. O-O Re8 1/2-1/2